PSG - Tous les joueurs 2010-2026 - Statistiques

Statistiques générales
  • Ce quiz a été pris 96 fois
  • Le résultat moyen est 83 sur 182
Statistiques - réponses
POSITION COUNTRY Réponse % Correct
midfielder France Ethan Mbappé
92%
forward France Kylian Mbappé
92%
midfielder France Roli Pereira de Sa
92%
GOALKEEPER Costa Rica Keylor Navas
90%
GOALKEEPER Russia Matvey Safonov
90%
DEFENDER Brazil Thiago Silva
88%
DEFENDER Morocco Achraf Hakimi
87%
GOALKEEPER Italy Gianluigi Donnarumma
87%
DEFENDER Brazil Marquinhos
87%
forward France Ousmane Dembélé
87%
GOALKEEPER France Alphonse Areola
86%
GOALKEEPER Germany Kevin Trapp
86%
GOALKEEPER France Lucas Chevalier
86%
forward Argentina Lionel Messi
84%
midfielder Portugal Vitinha
84%
forward France Désire Doué
83%
forward Georgia Khvicha Kvaratskhelia
83%
forward Brazil Neymar Jr
83%
DEFENDER Portugal Nuno Mendes
83%
forward Uruguay Edinson Cavani
82%
forward Portugal Goncalo Ramos
82%
midfielder Italy Marco Verratti
82%
DEFENDER Spain Sergio Ramos
82%
forward Sweden Zlatan Ibrahimovic
82%
forward France Bradley Barcola
81%
GOALKEEPER Italy Salvatore Sirigu
81%
midfielder France Warren Zaire-Emery
81%
DEFENDER Ecuador William Pacho
81%
midfielder Portugal Joao Neves
80%
midfielder Spain Fabian Ruiz
76%
forward South Korea Kang In Lee
76%
DEFENDER France Presnel Kimpembe
75%
DEFENDER France Lucas Hernandez
73%
forward Argentina Angel Di Maria
72%
midfielder France Blaise Matuidi
72%
forward Germany Julian Draxler
72%
Coach (goat) Spain Luis Enrique
71%
midfielder Italy Thiago Motta
70%
DEFENDER Brazil David Luiz
69%
DEFENDER Netherlands Gregory Van der Wiel
69%
Coach France Laurent Blanc
69%
forward Brazil Lucas Moura
69%
Coach France Christophe Galtier
67%
GOALKEEPER Italy Gianluigi Buffon
67%
midfielder Senegal Idrissa Gueye
67%
midfielder Argentina Javier Pastore
67%
Coach Germany Thomas Tuchel
67%
forward Argentina Ezequiel Lavezzi
66%
Coach Argentina Mauricio Pochettino
66%
DEFENDER Ivory Coast Serge Aurier
65%
Coach Italy Carlo Ancelotti
64%
Coach Spain Unai Emery
64%
midfielder Argentina Leandro Paredes
63%
DEFENDER Brazil Maxwell
63%
DEFENDER Germany Thilo Kehrer
63%
DEFENDER Ukraine Ilia Zabarnyi
61%
midfielder France Senny Mayulu
61%
DEFENDER Belgium Thomas Meunier
61%
midfielder France Adrien Rabiot
59%
midfielder England David Beckham
59%
midfielder Netherlands Georginio Wijnaldum
59%
DEFENDER Brazil Lucas Beraldo
59%
midfielder Uruguay Manuel Ugarte
59%
forward Argentina Mauro Icardi
59%
GOALKEEPER Spain Sergio Rico
58%
DEFENDER Portugal Danilo Pereira
55%
DEFENDER Spain Juan Bernat
55%
DEFENDER France Mamadou Sakho
55%
DEFENDER Slovakia Milan Skriniar
55%
forward Usa Timothy Weah
55%
DEFENDER Brazil Alex
54%
DEFENDER Brazil Dani Alves
54%
forward Italy Moise Kean
54%
midfielder Netherlands Xavi Simons
54%
DEFENDER France Christophe Jallet
53%
midfielder Poland Grzegorz Krychowiak
53%
GOALKEEPER Poland Martin Bulka
53%
forward Spain Pablo Sarabia
53%
DEFENDER Senegal Abdou Diallo
52%
GOALKEEPER Spain Arnau Tenas
51%
midfielder France Yohan Cabaye
51%
GOALKEEPER France Alexandre Letellier
49%
DEFENDER France Layvin Kurzawa
49%
forward Brazil Nêne
49%
Coach France Antoine Kombouaré
48%
forward Spain Marco Asensio
48%
midfielder France Christopher Nkunku
47%
midfielder France Clément Chantôme
47%
midfielder Argentina Giovanni Lo Celso
47%
forward France Guillaume Hoarau
47%
midfielder France Kingsley Coman
47%
DEFENDER Netherlands Mitchell Bakker
47%
DEFENDER Italy Alessandro Florenzi
46%
midfielder Spain Ander Herrera
46%
DEFENDER France Colin Dagba
46%
forward Portugal Goncalo Guedes
46%
forward France Hatem Ben Arfa
46%
GOALKEEPER France Nicolas Douchez
45%
forward France Kevin Gameiro
43%
GOALKEEPER France Mike Maignan
43%
DEFENDER Spain Yuri Berchiche
43%
midfielder Spain Carlos Soler
42%
DEFENDER France Noah Kamara
42%
forward France Jérémy Menez
41%
midfielder France Lassana Diarra
41%
midfielder Spain Dro Fernandez
37%
forward France Randal Kolo Muani
37%
forward France Moussa Diaby
36%
DEFENDER France Zoumana Camara
36%
DEFENDER Uruguay Diego Lugano
35%
forward France Hugo Ekitike
35%
midfielder Portugal Renato Sanches
35%
DEFENDER France Loic Landre
34%
DEFENDER France Lucas Digne
34%
DEFENDER France Nordi Mukiele
34%
forward Cameroon Eric-Maxim Choup-Moting
33%
DEFENDER France Mathieu Bodmer
33%
DEFENDER France Sylvain Armand
33%
midfielder France Benjamin Stambouli
31%
GOALKEEPER France Grégory Coupet
31%
midfielder Mali Mohamed Sissoko
31%
midfielder Tunisia / Spain Ismael Gharbi
30%
forward Spain Jésé Rodriguez
30%
midfielder Brazil Rafinha
30%
DEFENDER France Stanley N'soki
30%
DEFENDER France Timothy Pembélé
30%
forward France Hervin Ongenda
29%
forward France Jean Chrstophe Bahebeck
29%
forward France Jean-Kévin Augustin
29%
forward France Quentin Ndjantou
29%
GOALKEEPER Italy Renato Marin
29%
DEFENDER Ivory Coast Saka Tiéné
29%
GOALKEEPER Armenia Apoula Edel
28%
midfielder France Claude Makélélé
28%
DEFENDER Serbia Milan Bisevac
28%
midfielder Italy Cher N'dour
27%
midfielder France Edouard Michut
27%
DEFENDER France El chadaille Bitshiabu
25%
forward France Peguy Luyindula
25%
DEFENDER France Yoram Zagué
25%
midfielder France Ludovic Giuly
23%
forward Turquie Mevlut Erdinc
23%
DEFENDER Brazil Ceara
22%
DEFENDER Mali Samy Traoré
22%
midfielder Bénin Stéphane Sessegnon
22%
forward France Arnaud Kalimuendo
19%
GOALKEEPER Senegal Mory Diaw
19%
midfielder France Tanguy Nianzou Kouassi
18%
forward France Ilyes Housni
17%
midfielder France Jérémy Clément
17%
midfielder France Junior Eric Dina Ebimbe
17%
forward France Jordan Ikoné
14%
midfielder Morocco Kays Ruiz-Atil
13%
forward Serbia Mateja Kezman
13%
midfielder France Yassine Adli
12%
DEFENDER France Zagré
12%
DEFENDER France Alec Georgen
11%
midfielder France Jérome Rothen
11%
DEFENDER France Loic Mbe Soh
11%
forward Haiti Jean-Eudes Maurice
10%
midfielder France Younousse Sankharé
10%
GOALKEEPER France Rémy Descamps
8%
GOALKEEPER France Sébastien Cibois
8%
DEFENDER France Axel Tape
7%
forward France Louis Arnaud
7%
midfielder France Neeskens Kebano
7%
forward France Odsonne Edouard
7%
DEFENDER France Rimane
7%
DEFENDER France Antoine Conté
6%
midfielder France Bandiougou Fadiga
6%
DEFENDER France David Boly
6%
forward France Kevin Nagera
6%
midfielder France Lorenzo Callegari
6%
DEFENDER France Nathan Bitumazala
6%
forward France David Gassama
5%
forward France Mathis Jangeal
5%
DEFENDER France Younes El Hannach
5%
DEFENDER Senegal Youssouf Sabaly
5%
midfielder France Ayman Kari
2%
DEFENDER Congo Jordan Ikoko
1%
midfielder France Adil Aouichiche
0%
DEFENDER Cameroon Eboa Eboa
0%
Aucun quiz correspondant
Distribution des résultats
% des personnes avec chaque résultat
Percentile par nombre de réponses
Votre historique - résultats
Vous n’avez pas pris ce quiz